000
00317nam a22001337a 4500
008
170601b xxu||||| |||| 00| 0 eng d
020
_a
9780813322612
041
_a
eng
080
_a
94(100)
100
_a
17
101
_a
SHH
245
_a
THE UNITED NATIONS IN THE POST-COLD WAR ERA
_c
MINGST,K.A
942
_2
udc
_c
BK
999
_c
15301
_d
15301